| 000 | 00432pab a2200157 454500 | ||
|---|---|---|---|
| 008 | 180718b2010 xxu||||| |||| 00| 0 eng d | ||
| 100 | _aJain, Neera | ||
| 245 | _aCommunication strategies for job satisfaction and employee engagement in Indian it sector | ||
| 260 | _c2010 | ||
| 300 | _ap.97-125. | ||
| 650 | _aJob satisfaction | ||
| 700 | _aMalhotra, Puneet | ||
| 773 | _aManagement and Change | ||
| 908 | _aN | ||
| 909 | _a91793 | ||
| 999 |
_c91793 _d91793 |
||